000 01145nam a22002177a 4500
005 20260129144828.0
008 230603b ||||| |||| 00| 0 eng d
020 _a9780340834503
040 _cAL
041 _aeng
082 _223
_a823.914
_bHUTW
100 _aMeg Hutchinson
_9253152
245 _aWanton redhead
260 _aGreat Britain
_bHodder
_c2006
300 _avi,377p.
_bPB
_c18x11cm.
365 _2English
_b717.00
_c£
_d717.00
520 _aWhen her selfish, flighty sister leaves home to become the wife of a wealthy sugar plantation owner, Alyssa becomes solely responsible for her poor, deranged mother as well as for Thea's bastard son. Viciously raped, then thrown out of the family home, the girl goes on the run, fleeing her cruel rapist. Alyssa's journey is a perilous one. It will take her far from the Black Country to the wild shores of the Caribbean and put her in the path of evil men determined to despoil the young girl. For the palm-fringed island of Jamaica is home to a pernicious trade: white slavery...
650 _aEnglish Fiction
_9119213
650 _aEnglish Literature
_9119214
942 _2ddc
_cDB
999 _c227393
_d227393